MDQL
is popping MORE tags! Check the
thread
!
Quizzes
Events
Quiz Creation
Community
Videos
Private Events
Remove Ads
Sign In
Join for FREE
Feedback
Dark Mode
Quiz Categories
Sports
Geography
Music
Movies
Television
Just For Fun
Miscellaneous
History
Literature
Language
Science
Gaming
Entertainment
Religion
Holiday
For Kids
Quiz Lab
Recent
Popular Today
Quiz Kudos Today
Editor Picks
Curator Picks
Quizzes by...
Day
Popularity
Type
Ratings
Length
Year
Community
Subscriptions
Recent Discussions
Orange Saloon
Badges
Playlists
Quests
Create
Leaderboards
Showdown
Live 5
Trivia Bingo
Activity
Puzzle Library
Sporcle Events
Private Events
Virtual Trivia
Globe League
Become a Host
Pub Owners
SporcleCon
Opinionation
Our Games
Videos
Blog
Mobile Apps
Partnerships
Remove Ads and Go Orange
Feedback
Sports
Athletes
MLB
NBA
NHL
NFL
Soccer
Sports Teams
WWE
NCAA
Football
Premier League
Basketball
Baseball
Hockey
Golf
Tennis
Cricket
Rugby
Auto Racing
Olympics
World Cup
Sports
Athletes
MLB
NBA
NHL
NFL
Soccer
Sports Teams
WWE
NCAA
Football
Premier League
Basketball
Baseball
Hockey
Golf
Tennis
Cricket
Rugby
Auto Racing
Olympics
World Cup
Random Quiz
Search Sporcle
×
Curator Pick
Curator Pick
Sports
Soccer
Type in answers that appear in a list
Type in answers that appear in a list
Classic
Best Score? Go Orange.
Premier League Clean Sheets 2011/2012 Stats
Can you name the Premier League Clean Sheets 2011/2012?
By
SallyJarvis1990
10m
28 Questions
4,450 Plays
4,450 Plays
4,450 Plays
Comments
Comments
Give Quiz Kudos
Give Quiz Kudos
-
- Ratings
hide this ad
Replay
Link that replays current quiz
Next Quiz
Link to next quiz in quiz playlist
You Got
0%
They Got
Avg Score
63%
Avg Friend Score
Upgrade to see
Score Distribution
Jump to the score distribution portion of the page
Score
0/28
Timer
10:00
0
Plays Today
Clean Sheets
Name
% Correct
17
Joe Hart
98.1%
13
David DeGea
93%
10
Petr Cech
90.7%
12
Jose Reina
87%
12
Tim Howard
86.7%
15
Tim Krul
85.8%
14
Brad Friedel
83.2%
14
Michel Vorm
80.2%
8
Shay Given
76.7%
10
Ben Foster
72%
8
Ali Al-Habsi
67%
3
Paul Robinson
65.9%
11
Simon Mignolet
65.6%
10
Mark Schwarzer
64.7%
Clean Sheets
Name
% Correct
3
John Ruddy
62.3%
6
Anders Lindegaard
60.8%
6
Asmir Begovic
59.3%
13
Wojciech Szczesny
58%
7
Paddy Kenny
56.9%
3
Thomas Sorensen
53.7%
3
Wayne Hennessey
50.6%
1
Adam Bogdan
48.3%
2
Jussi Jaaskelainen
47.9%
1
Brad Guzan
45.7%
1
Ben Amos
40.6%
1
David Stockdale
33.1%
1
Keiren Westwood
23.8%
1
Dorus DeVries
18.9%
Quiz Playlist
Details
Report
Send in Message
Add To Playlist
Classic:
Type in answers that appear in a list
Last Updated: Jul 17, 2017
Curator Pick in
Soccer
Quiz Scoreboard
CHALLENGE
Sign Up to Join the Scoreboard
Show All
Scores
Hide
Comments
May contain spoilers
Recently Published
Find the 'City' Movie
by crazypaving
Movies
60s
5x2 Blitz: Bands
by SL_Kpop136
Music
30s
Colored Red Africa Blitz
by spor1
Geography
30s
More to Explore
Quiz From the Vault
Featured Blog Post
14 Easter Pick-up Lines to Find Eggs With
hide this ad
You Might Also Like...
Tags
Football Quiz
Premier League Quiz
Soccer Quiz
English Players
Today's Top Quizzes in Sports
Browse Sports
hide this ad
Today's Top Quizzes in Soccer
Browse Soccer
Top Contributed Quizzes in Sports
1
Players with Multiple 50 Home Run Seasons
2
Criteria MLB: Left Handed Sluggers
3
MLB Players with Two .350 Batting Average Seasons
4
Who Hit More Homers?
5
Premier League Clubs since 2000 (minefield)
6
Who Needs Fielders?
7
2020 F1 Drivers Logic Puzzle
8
Les entraîneurs de l'OM et du PSG au 21e siècle
9
Top 10 NHL Goal Scorers of All Time
10
MLB Hall of Famer by Rings
Explore More
Trending Topics
Anime
Marvel
Crossword
Kpop
NBA
Disney
Harry Potter
NFL
Song
Country
The Office
WWE
Puzzle
Pokémon
Soccer
hide this ad
More By:
SallyJarvis1990
Quiz
Plays
Rating
Category
Featured
Created
Most Premier League Goals in a Calendar Year
101,180
4.70
Sports
Dec 30, 2012
Premier League Clubs' Top English Goalscorer
13,319
4.95
Sports
Oct 5, 2014
2014-2015 European League Teams
10,291
4.44
Sports
Jul 23, 2014
The Premier League Years
8,058
4.38
Sports
Aug 29, 2013
Every Premier League Hat-Trick Scorer
7,736
4.70
Sports
May 14, 2013
Go to Creator's Profile
Score Distribution
Quiz Creator Spotlight
SallyJarvis1990
Follow
Send a Message
Quizzes Created
-
Created Quiz Play Count
-
More By This Creator
Popular Quizzes Today
1
Colored Red Africa Blitz
2
Find the 'City' Movie
3
5x2 Blitz: Bands
4
Find the US States - No Outlines Minefield
5
The Countries of the World
6
Find the US States
7
US States
8
9x9 Crossword: Cartoon Network
More Sports Quizzes
Siedmiu wspaniałych - siatkarska Reprezentacja Polski
Quiz Lab
Trending Quizzes
Colored Red Europe Blitz I
Colored Red Africa Blitz II
Colored Red Europe Blitz II
Colored Red Europe Blitz III
Colored Red Africa Blitz III
Recently Updated
Famous TV Couples
Peacemaker
Champions League XIs: Real Madrid
pecheneg
Largest US Cities 1790-2010
pecheneg
Rides in Walt Disney World
pecheneg
Most Oscar Losses (Acting)
pecheneg
Beyoncé Albums
pecheneg
Leaping Animals
pecheneg
Reality TV Shows (A-Z)
bhenderson79
Rickey Henderson's Hall of Fame Teammates
pecheneg
Champions League XIs: Arsenal
pecheneg
Trending Topics
Disney
Harry Potter
Marvel
NBA
Kpop
Anime
Crossword
The Office
Puzzle
Country
WWE
NFL
Soccer
Pokémon
Song
Your Account Isn't Verified!
In order to create a playlist on Sporcle, you need to verify the email address you used during registration. Go to your
Sporcle Settings
to finish the process.
Report this User
Report this user for behavior that violates our
Community Guidelines
.
Details:
Send Report
Go to the Sporcle.com Mobile Site →
Comments